Statistics for WWE - Matt Hardy's PPV Opponents

Click here to take the quiz!

General Stats

  • This quiz has been taken 104 times
  • The average score is 124 of 196

Answer Stats

YearEventMatch TypeOpponent% Correct
2000No MercyTag Team MatchConquistador Uno
97%
1999King of the RingTag Team MatchEdge
97%
2000No Way OutTag Team MatchEdge
97%
2001WrestleMania X-Seven3-Team TLC MatchEdge
97%
2005SummerSlamEdge
97%
2000Survivor Series4 vs. 4 Elimination MatchEdge
97%
2000UnforgivenTag Team Steel Cage MatchEdge
97%
2000SummerSlam3-Team TLC MatchEdge
97%
2001Insurrextion4-Team Elimination MatchEdge
97%
2000InsurrextionTag Team MatchEdge
97%
2000WrestleMania 16Triangle Ladder MatchEdge
97%
2000King of the Ring4-Team Elimination MatchEdge
97%
1999SummerSlamTag Team Turmoil MatchEdge
97%
1999No MercyTag Team Ladder MatchEdge
97%
2006Survivor Series5 vs. 5 Elimination MatchEdge
97%
2001BacklashTriple Threat MatchChristian
94%
2000SummerSlam3-Team TLC MatchChristian
94%
2000InsurrextionTag Team MatchChristian
94%
2000UnforgivenTag Team Steel Cage MatchChristian
94%
1999SummerSlamTag Team Turmoil MatchChristian
94%
2000Survivor Series4 vs. 4 Elimination MatchChristian
94%
2000King of the Ring4-Team Elimination MatchChristian
94%
2002No Way OutTag Team Turmoil MatchChristian
94%
2000WrestleMania 16Triangle Ladder MatchChristian
94%
2001Insurrextion4-Team Elimination MatchChristian
94%
2000No Way OutTag Team MatchChristian
94%
2001WrestleMania X-Seven3-Team TLC MatchChristian
94%
1999No MercyTag Team Ladder MatchChristian
94%
2000No MercyTag Team MatchConquistador Dos
94%
2009Backlash"I Quit" MatchJeff Hardy
94%
2009WrestleMania XXVJeff Hardy
94%
2000Backlash6-Man Hardcore MatchJeff Hardy
94%
2001VengeanceJeff Hardy
94%
2000Fully Loaded6-Person Mixed Tag Team MatchAlbert
92%
2000King of the Ring4-Team Elimination MatchAlbert
92%
2000King of the Ring4-Team Elimination MatchTest
92%
2000Fully Loaded6-Person Mixed Tag Team MatchTest
92%
2002No Way OutTag Team Turmoil MatchBubba Ray Dudley
88%
2001WrestleMania X-Seven3-Team TLC MatchBubba Ray Dudley
88%
2000WrestleMania 16Triangle Ladder MatchBubba Ray Dudley
88%
2001Insurrextion4-Team Elimination MatchBubba Ray Dudley
88%
2001Unforgiven4-Team Elimination MatchBubba Ray Dudley
88%
2000Royal RumbleTag Team Tables MatchBubba Ray Dudley
88%
2001Survivor SeriesTag Team Steel Cage MatchBubba Ray Dudley
88%
2002WrestleMania X84-Team Elimination MatchBubba Ray Dudley
88%
2001Rebellion3-Team MatchBubba Ray Dudley
88%
2000SummerSlam3-Team TLC MatchBubba Ray Dudley
88%
2001Rebellion3-Team MatchD-Von Dudley
88%
2001Unforgiven4-Team Elimination MatchD-Von Dudley
88%
2002No Way OutTag Team Turmoil MatchD-Von Dudley
88%
2001Insurrextion4-Team Elimination MatchD-Von Dudley
88%
2002WrestleMania X84-Team Elimination MatchD-Von Dudley
88%
2000WrestleMania 16Triangle Ladder MatchD-Von Dudley
88%
2000SummerSlam3-Team TLC MatchD-Von Dudley
88%
2001WrestleMania X-Seven3-Team TLC MatchD-Von Dudley
88%
2000Royal RumbleTag Team Tables MatchD-Von Dudley
88%
2001Survivor SeriesTag Team Steel Cage MatchD-Von Dudley
88%
2004VengeanceNo DQ MatchKane
86%
2004SummerSlam'Till Death Do Us Part MatchKane
86%
2001Unforgiven4-Team Elimination MatchSpike Dudley
85%
2001BacklashTriple Threat MatchEddie Guerrero
82%
2000Armageddon6-Person Mixed Tag Team MatchEddie Guerrero
82%
2017Great Balls of Fire30-Minute Iron Man Tag Team MatchSheamus
79%
2017PaybackTag Team MatchSheamus
79%
2018Greatest Royal RumbleTag Team MatchSheamus
79%
2017WrestleMania 334-Team Ladder MatchSheamus
79%
2017Extreme RulesTag Team Steel Cage MatchSheamus
79%
2003WrestleMania XIXRey Mysterio
77%
2017PaybackTag Team MatchCesaro
76%
2017WrestleMania 334-Team Ladder MatchCesaro
76%
2017Great Balls of Fire30-Minute Iron Man Tag Team MatchCesaro
76%
2018Greatest Royal RumbleTag Team MatchCesaro
76%
2017Extreme RulesTag Team Steel Cage MatchCesaro
76%
2008Night of ChampionsChavo Guerrero
76%
2008Unforgiven5-Man Championship Scramble MatchChavo Guerrero
76%
2008Survivor Series5 vs. 5 Elimination MatchRandy Orton
73%
2006Survivor Series5 vs. 5 Elimination MatchRandy Orton
73%
2002WrestleMania X84-Team Elimination MatchFaarooq
71%
2001Rebellion3-Team MatchFaarooq
71%
2009Survivor Series5 vs. 5 Elimination MatchSheamus
71%
2002WrestleMania X84-Team Elimination MatchBradshaw
68%
2001Rebellion3-Team MatchBradshaw
68%
1999Fully Loaded3-on-2 Acolyte Rules MatchBradshaw
68%
2018Elimination ChamberBray Wyatt
68%
1999Fully Loaded3-on-2 Acolyte Rules MatchFaarooq
68%
2005ArmageddonJohn Bradshaw Layfield
68%
2009Bragging Rights7 vs. 7 Tag Team MatchMark Henry
68%
2008Survivor Series5 vs. 5 Elimination MatchMark Henry
68%
2008SummerSlamMark Henry
68%
2008Unforgiven5-Man Championship Scramble MatchMark Henry
68%
2008No MercyMark Henry
68%
2009Extreme RulesFatal 4-Way MatchKofi Kingston
67%
2009Bragging Rights7 vs. 7 Tag Team MatchKofi Kingston
67%
2001Unforgiven4-Team Elimination MatchThe Big Show
67%
2009Bragging Rights7 vs. 7 Tag Team MatchThe Big Show
67%
2009Extreme RulesFatal 4-Way MatchMVP
65%
2008BacklashMVP
65%
2007No Way Out6-Man Tag Team MatchMVP
65%
2007The Great American BashMVP
65%
2009Bragging Rights7 vs. 7 Tag Team MatchTriple H
65%
2002No Way OutTag Team Turmoil MatchBilly
62%
2002WrestleMania X84-Team Elimination MatchBilly
62%
2017WrestleMania 334-Team Ladder MatchBig Cass
61%
2017WrestleMania 334-Team Ladder MatchEnzo Amore
61%
2008Unforgiven5-Man Championship Scramble MatchThe Miz
61%
2009Survivor Series5 vs. 5 Elimination MatchThe Miz
61%
2017SummerSlam: Kickoff Show6-Man Tag Team MatchThe Miz
61%
2000Backlash6-Man Hardcore MatchCrash Holly
59%
1999Survivor Series4 vs. 4 Elimination MatchCrash Holly
59%
1999Survivor Series4 vs. 4 Elimination MatchHardcore Holly
59%
2000Backlash6-Man Hardcore MatchHardcore Holly
59%
2006Armageddon4-Team Ladder MatchWilliam Regal
59%
2009Extreme RulesFatal 4-Way MatchWilliam Regal
59%
2008Survivor Series5 vs. 5 Elimination MatchWilliam Regal
59%
2009Bragging Rights7 vs. 7 Tag Team MatchShawn Michaels
58%
2017WrestleMania 334-Team Ladder MatchKarl Anderson
56%
2007One Night StandTag Team Ladder MatchShelton Benjamin
56%
2008Survivor Series5 vs. 5 Elimination MatchShelton Benjamin
56%
2008The Great American BashShelton Benjamin
56%
2017WrestleMania 334-Team Ladder MatchLuke Gallows
55%
2002InsurrextionTag Team MatchBrock Lesnar
53%
2002Judgment DayTag Team MatchBrock Lesnar
53%
2009Bragging Rights7 vs. 7 Tag Team MatchJack Swagger
53%
2009Royal RumbleJack Swagger
53%
2009Survivor Series5 vs. 5 Elimination MatchJack Swagger
53%
2000Fully Loaded6-Person Mixed Tag Team MatchTrish Stratus
53%
2007No Way Out6-Man Tag Team MatchJoey Mercury
50%
2007Royal RumbleTag Team MatchJoey Mercury
50%
2006December To DismemberTag Team MatchJoey Mercury
50%
2006Armageddon4-Team Ladder MatchJoey Mercury
50%
2006No Way OutTag Team MatchJoey Mercury
50%
2007No Way Out6-Man Tag Team MatchJohnny Nitro
50%
2006December To DismemberTag Team MatchJohnny Nitro
50%
2007Royal RumbleTag Team MatchJohnny Nitro
50%
2006Armageddon4-Team Ladder MatchJohnny Nitro
50%
2006No Way OutTag Team MatchJohnny Nitro
50%
1999King of the RingTag Team MatchGangrel
48%
2000Armageddon6-Person Mixed Tag Team MatchPerry Saturn
48%
2000King of the Ring4-Team Elimination MatchScotty 2 Hotty
48%
2001No MercyTag Team MatchThe Hurricane
48%
2001Unforgiven4-Team Elimination MatchThe Hurricane
48%
1999Survivor Series4 vs. 4 Elimination MatchGrandmaster Sexay
47%
1999Survivor Series4 vs. 4 Elimination MatchScotty 2 Hotty
47%
2001Insurrextion4-Team Elimination MatchX-Pac
47%
2001Judgment DayTag Team Turmoil MatchX-Pac
47%
2008Unforgiven5-Man Championship Scramble MatchFinlay
45%
2000King of the Ring4-Team Elimination MatchGrandmaster Sexay
45%
2006Survivor Series5 vs. 5 Elimination MatchJohnny Nitro
45%
2002RebellionBooker T
44%
2007One Night StandTag Team Ladder MatchCharlie Haas
44%
2008Survivor Series5 vs. 5 Elimination MatchCody Rhodes
44%
2009Bragging Rights7 vs. 7 Tag Team MatchCody Rhodes
44%
2009Survivor Series5 vs. 5 Elimination MatchDolph Ziggler
44%
2000Backlash6-Man Hardcore MatchPerry Saturn
44%
2000Armageddon6-Person Mixed Tag Team MatchDean Malenko
42%
2018Extreme RulesTag Team MatchBo Dallas
41%
2017SummerSlam: Kickoff Show6-Man Tag Team MatchBo Dallas
41%
2006Armageddon4-Team Ladder MatchBrian Kendrick
41%
2017SummerSlam: Kickoff Show6-Man Tag Team MatchCurtis Axel
41%
2018Extreme RulesTag Team MatchCurtis Axel
41%
2001No MercyTag Team MatchLance Storm
39%
2001Unforgiven4-Team Elimination MatchLance Storm
39%
2002No Way OutTag Team Turmoil MatchLance Storm
39%
2002No Way OutTag Team Turmoil MatchChuck
38%
2002WrestleMania X84-Team Elimination MatchChuck
38%
2006Armageddon4-Team Ladder MatchPaul London
36%
2000Backlash6-Man Hardcore MatchTazz
33%
2007Vengeance: Night of ChampionsTag Team MatchLance Cade
30%
2007BacklashTag Team MatchLance Cade
30%
2007Judgment DayTag Team MatchLance Cade
30%
2007Vengeance: Night of ChampionsTag Team MatchTrevor Murdoch
30%
2007Judgment DayTag Team MatchTrevor Murdoch
30%
2007BacklashTag Team MatchTrevor Murdoch
30%
2003No Way OutBilly Kidman
29%
2002Judgment DayTag Team MatchPaul Heyman
29%
2000RebellionTag Team MatchBull Buchanan
27%
2000Survivor Series4 vs. 4 Elimination MatchBull Buchanan
27%
2009Survivor Series5 vs. 5 Elimination MatchDrew McIntyre
26%
2000Survivor Series4 vs. 4 Elimination MatchThe Goodfather
26%
2000RebellionTag Team MatchThe Goodfather
26%
2008Cyber SundayEvan Bourne
24%
2006The Great American BashGregory Helms
24%
2006No MercyGregory Helms
24%
2006Survivor Series5 vs. 5 Elimination MatchGregory Helms
24%
2006Survivor Series5 vs. 5 Elimination MatchMike Knox
24%
2001Insurrextion4-Team Elimination MatchJustin Credible
21%
2001Judgment DayTag Team Turmoil MatchJustin Credible
21%
2005Taboo TuesdayTag Team MatchSnitsky
21%
2006Armageddon4-Team Ladder MatchDave Taylor
20%
2002InsurrextionTag Team MatchShawn Stasiak
20%
2005Taboo TuesdayTag Team MatchChris Masters
17%
2008ArmageddonVladimir Kozlov
15%
2007UnforgivenTag Team MatchDeuce
12%
2007UnforgivenTag Team MatchDomino
12%
2003No MercyZach Gowen
11%
2017Survivor Series: Kickoff ShowElias
6%

Score Distribution

Percentile by Number Answered

Percent of People with Each Score

Your Score History

You have not taken this quiz